000 00523nam a22001817a 4500
999 _c11932
_d11932
008 210114b ||||| |||| 00| 0 eng d
020 _cRs.60.00
041 0 _ahin
082 0 0 _a891.43
_bM67829
100 _93729
_aMishra, Bhagwati Sharan
245 1 0 _aPehla Suraj /
_cby Bhagwati Sharan Mishra
245 1 0 _aपहला सूरज /
_cभगवती शरण मिश्रा
260 _aDelhi:
_bRajpal and sons,
_c1986.
300 _a284 p.
365 _bINR 60.00
650 0 _aHindi fiction
942 _cBK